Research Methods and Statistics: A Critical Thinking Approach / Sherri L. Jackson (Record no. 52360)

MARC details
000 -LEADER
fixed length control field 00501nam a22001697a 4500
003 - CONTROL NUMBER IDENTIFIER
control field OSt
008 - FIXED-LENGTH DATA ELEMENTS--GENERAL INFORMATION
fixed length control field 260626b |||||||| |||| 00| 0 eng d
020 ## - INTERNATIONAL STANDARD BOOK NUMBER
International Standard Book Number 9789360536923
082 ## - DEWEY DECIMAL CLASSIFICATION NUMBER
Classification number 001.42
Item number J14R
100 ## - MAIN ENTRY--PERSONAL NAME
Personal name Jackson, Sherri L.
245 ## - TITLE STATEMENT
Title Research Methods and Statistics: A Critical Thinking Approach / Sherri L. Jackson
250 ## - EDITION STATEMENT
Edition statement 5th. ed.
260 ## - PUBLICATION, DISTRIBUTION, ETC. (IMPRINT)
Place of publication, distribution, etc Australia:
Name of publisher, distributor, etc Cengage,
Date of publication, distribution, etc 2016.
300 ## - PHYSICAL DESCRIPTION
Extent xx, 508 p.
650 ## - SUBJECT ADDED ENTRY--TOPICAL TERM
Topical term or geographic name as entry element Knowledge | Generalities | Research Methods
942 ## - ADDED ENTRY ELEMENTS (KOHA)
Source of classification or shelving scheme
Koha item type Books
Holdings
Withdrawn status Lost status Source of classification or shelving scheme Damaged status Not for loan Home library Current library Shelving location Date acquired Source of acquisition Cost, normal purchase price Total Checkouts Full call number Barcode Date last seen Bill Date Koha item type Bill Number
          Dr. Rajendra Prasad Central Agricultural University Pusa, Dr. Rajendra Prasad Central Agricultural University Pusa, General Stacks 26/06/2026 Today & Tomorrow Printers and Publishers 1065.00   001.42 J14R 87592 26/06/2026 29/01/2026 Books Bill No. IN-00449
Hosted, Implemented, Customized & Maintained by: BestBookBuddies

Powered by Koha